<?xml version="1.0" encoding="UTF-8"?><?xml-stylesheet type="text/xsl" href="static/style.xsl"?><OAI-PMH xmlns="http://www.openarchives.org/OAI/2.0/" xmlns:xsi="http://www.w3.org/2001/XMLSchema-instance" xsi:schemaLocation="http://www.openarchives.org/OAI/2.0/ http://www.openarchives.org/OAI/2.0/OAI-PMH.xsd"><responseDate>2026-04-13T02:47:48Z</responseDate><request verb="GetRecord" identifier="oai:www.recercat.cat:2072/434594" metadataPrefix="marc">https://recercat.cat/oai/request</request><GetRecord><record><header><identifier>oai:recercat.cat:2072/434594</identifier><datestamp>2025-04-27T03:51:21Z</datestamp><setSpec>com_2072_98</setSpec><setSpec>col_2072_378192</setSpec></header><metadata><record xmlns="http://www.loc.gov/MARC21/slim" xmlns:dcterms="http://purl.org/dc/terms/" xmlns:xsi="http://www.w3.org/2001/XMLSchema-instance" xmlns:doc="http://www.lyncode.com/xoai" xsi:schemaLocation="http://www.loc.gov/MARC21/slim http://www.loc.gov/standards/marcxml/schema/MARC21slim.xsd">
   <leader>00925njm 22002777a 4500</leader>
   <datafield ind2=" " ind1=" " tag="042">
      <subfield code="a">dc</subfield>
   </datafield>
   <datafield ind2=" " ind1=" " tag="720">
      <subfield code="a">Casas Díaz, Laura</subfield>
      <subfield code="e">author</subfield>
   </datafield>
   <datafield ind2=" " ind1=" " tag="720">
      <subfield code="a">Camps i Videllet, Xavier</subfield>
      <subfield code="e">author</subfield>
   </datafield>
   <datafield ind2=" " ind1=" " tag="260">
      <subfield code="c">2019</subfield>
   </datafield>
   <datafield ind2=" " ind1=" " tag="520">
      <subfield code="a">Es objeto del presente trabajo desgranar los elementos que los abogados deben tener en cuenta a la hora de atender situaciones referentes a las crisis matrimoniales y el papel de los animales de compañía en estas. La transformación progresiva del modelo familiar ha conllevado la aparición de nuevas situaciones que no se hallan reguladas legalmente, una de ellas es cómo debe procederse en los casos de separación y divorcio en los que los cónyuges poseen animales de compañía en común.Por cuanto es cada vez más común que las parejas decidan compartir los cuidados de un animal de compañía la actuación del abogado en los casos de crisis matrimonial supone uno de los grandes interrogantes del ejercicio de la abogacía hoy en día. Sin llegar a desarrollar un plan de parentalidad stricto sensu, habiendo éste debe ser reservado exclusivamente para el trato de los hijos del matrimonio, estas situaciones requieren de una exposición y redacción que emplea un lenguaje semejable al empleado para regular las relaciones de guarda y custodia de los hijos. Sin embargo resulta innegable que estas situaciones requieren de una detallada atención, habiendo de incurrir en cuántos elementos resulten necesarios a fin de evitar problemáticas y contingencias futuras que pudieran afectar al bienestar de los cónyuges y de los animales.</subfield>
   </datafield>
   <datafield ind2=" " ind1=" " tag="520">
      <subfield code="a">The object of the present work is to describe the elements that the lawyers must take into account when dealing with cases of marital crises and the role of companion animals in these. The progressive transformation of the family model has led to the appearance of new situations that are not legally regulated, one of which is how to proceed in cases of separation and divorce in which the spouses have shared pets. The lawyer's role in cases of marital crisis is one of the great questions of the practice of law today. Without developing a stricto sensu parenting plan, which is reserved exclusively for the treatment of the children of the marriage, these situations require a language similar to that used to regulate guardianship and custody relationships. However, it is undeniable that these situations require detailed attention, having to avoid problems and future contingencies that could affect the welfare of the spouses and animals.</subfield>
   </datafield>
   <datafield tag="653" ind2=" " ind1=" ">
      <subfield code="a">Convenio regulador de divorcio</subfield>
   </datafield>
   <datafield tag="653" ind2=" " ind1=" ">
      <subfield code="a">Animal de compañía</subfield>
   </datafield>
   <datafield tag="653" ind2=" " ind1=" ">
      <subfield code="a">Guarda</subfield>
   </datafield>
   <datafield tag="653" ind2=" " ind1=" ">
      <subfield code="a">Custodia</subfield>
   </datafield>
   <datafield tag="653" ind2=" " ind1=" ">
      <subfield code="a">Propiedad</subfield>
   </datafield>
   <datafield tag="653" ind2=" " ind1=" ">
      <subfield code="a">Posesión</subfield>
   </datafield>
   <datafield tag="653" ind2=" " ind1=" ">
      <subfield code="a">Crisis matrimonial</subfield>
   </datafield>
   <datafield tag="653" ind2=" " ind1=" ">
      <subfield code="a">Familia</subfield>
   </datafield>
   <datafield tag="653" ind2=" " ind1=" ">
      <subfield code="a">Divorce agreement</subfield>
   </datafield>
   <datafield tag="653" ind2=" " ind1=" ">
      <subfield code="a">Companion animal</subfield>
   </datafield>
   <datafield tag="653" ind2=" " ind1=" ">
      <subfield code="a">Guardianship</subfield>
   </datafield>
   <datafield tag="653" ind2=" " ind1=" ">
      <subfield code="a">Custody</subfield>
   </datafield>
   <datafield tag="653" ind2=" " ind1=" ">
      <subfield code="a">Property</subfield>
   </datafield>
   <datafield tag="653" ind2=" " ind1=" ">
      <subfield code="a">Possession</subfield>
   </datafield>
   <datafield tag="653" ind2=" " ind1=" ">
      <subfield code="a">Marital crisis</subfield>
   </datafield>
   <datafield tag="653" ind2=" " ind1=" ">
      <subfield code="a">Family</subfield>
   </datafield>
   <datafield ind2="0" ind1="0" tag="245">
      <subfield code="a">Las crisis matrimoniales y los animales de compañía : una aproximación práctica desde el ejercicio de la abogacía</subfield>
   </datafield>
</record></metadata></record></GetRecord></OAI-PMH>